National Transportation Safety Board documents and publications

Detalles Bibliográficos
Formato: Electrónico Periódico
Lenguaje:inglés
Publicado: Greenbelt, Maryland : Federal Information & News Dispatch
Materias:
Acceso en línea:Full text available from Research Library: 06/10/2010 to present

MARC

LEADER 00000nas a2200000 i 4500
001 ssj0001076672
003 WaSeSS
005 20200512172242.0
006 m d
007 cr n
008 131221c20uu9999mdud| n|s|||||| |0eng d
035 |a (WaSeSS)ssj0001076672 
040 |a WaSeSS  |b eng  |c WaSeSS  |d WaSeSS 
043 |a n-us--- 
050 1 4 |a HE194.5 U6 
245 0 0 |a National Transportation Safety Board documents and publications  |h [electronic resource]. 
260 |a Greenbelt, Maryland :  |b Federal Information & News Dispatch 
310 |a Daily 
506 |a License restrictions may limit access. 
588 |a Description based on: June 10, 2010; title from title screen (ProQuest, viewed Dec. 21, 2013). 
588 |a Latest issue consulted: November 19, 2013 (viewed Dec. 21, 2013). 
610 1 0 |a United States.  |b National Transportation Safety Board  |v Newspapers. 
650 0 |a Transportation  |z United States  |x Safety measures  |v Newspapers. 
655 0 |a Electronic journals. 
856 4 0 |z Full text available from Research Library: 06/10/2010 to present  |u https://search.proquest.com/publication/237712